[Event "2015 NA Class A Ch Finals, S50179"]
[Site "CCLA"]
[Date "2015.04.27"]
[Round "?"]
[White "Cacas, Alexander"]
[Black "Shannon, Paul D."]
[Result "1/2-1/2"]
[WhiteElo "1891"]
[BlackElo "1815"]

1. e4 e5 2. Nf3 Nc6 3. Bb5 a6 4. Ba4 Nf6 5. O-O Nxe4 6. d4 b5 7. Bb3 d5 8.
 dxe5 Be6 9. c3 Bc5 10. Nbd2 O-O 11. Bc2 Nxf2 12. Rxf2 f6 13. exf6 Bxf2+ 
14. Kxf2 Qxf6 15. Nf1 Ne5 16. Be3 Rae8 17. Bc5 Nxf3 18. gxf3 Rf7 19. Ng3 
Bg4 20. Kg1 Qxf3 21. Qxf3 Rxf3 22. Rf1 Rxf1+ 23. Kxf1 c6 24. Bd3 Re6 25. 
Ne2 Rf6+ 26. Kg2 Bf5 27. Bxf5 Rxf5 28. Nd4 Rf6 29. Nf3 Re6 30. Kf2 h6 31. 
Nd4 Rf6+ 32. Ke2 g5 33. b4 Kf7 34. a3 h5 35. Nf3 Kg6 36. Bd4 Re6+ 37. Kf2 
g4 38. Ne5+ Kf5 39. Nd3 h4 40. Nc5 Re8 41. Nd3 Re6 1/2-1/2

[Event "2015 NA Class A Ch Finals, S50179"]
[Site "CCLA"]
[Date "2015.04.27"]
[Round "?"]
[White "Stroup, Jim"]
[Black "Vecchio, Ralph"]
[Result "1-0"]
[WhiteElo "2058"]
[BlackElo "1849"]

1. e4 e5 2. Nf3 Nc6 3. Bb5 Nf6 4. O-O Nxe4 5. d4 a6 6. Ba4 b5 7. Bb3 d5 8.
 dxe5 Be6 9. Nbd2 Be7 10. c3 O-O 11. Bc2 Bg4 12. Nxe4 dxe4 13. Bxe4 Qxd1 
14. Rxd1 Rad8 15. Bf4 Na5 16. b3 c6 17. h3 Bh5 18. Be3 c5 19. g3 f5 20. 
exf6 gxf6 21. Kg2 Rfe8 22. Rxd8 Rxd8 23. Nh4 Bf8 24. b4 cxb4 25. Bb6 Rd1 
26. Rxd1 Bxd1 27. Bxa5 bxc3 28. Bxc3 Bh5 29. Bxf6 Bf7 30. Bb1 Bd5+ 31. f3 
Kf7 32. Bd4 b4 33. Kf2 Bd6 34. Nf5 Bc7 35. f4 a5 36. Ne3 Be6 37. f5 Bd7 
38. Be4 Bd8 39. Ng4 Ba4 40. Bd5+ Ke7 41. f6+ Kd6 42. Bb3 Bxb3 43. axb3 Ke6
44. Kf3 h5 45. Ne3 Bxf6 46. Bxf6 Kxf6 47. Nc4 1-0

[Event "2015 REGULAR QUAD, S50419"]
[Site "CCLA"]
[Date "2015.10.24"]
[Round "?"]
[White "Fullen, Peter J."]
[Black "Bennett, Thomas"]
[Result "1-0"]
[WhiteElo "1359"]
[BlackElo "1507"]

1. e4 e5 2. Nf3 Nc6 3. Bb5 a6 4. Ba4 Nf6 5. O-O Be7 6. d3 d6 7. c3 O-O 8. 
Nbd2 h6 9. Re1 b5 10. Bb3 Re8 11. h3 Bf8 12. Nf1 1-0

[Event "Winter Series, S50031"]
[Site "CCLA"]
[Date "2015.01.28"]
[Round "?"]
[White "Zarges, Ron V."]
[Black "Greco, Tom"]
[Result "1/2-1/2"]
[WhiteElo "1660"]
[BlackElo "1641"]

1. e4 e5 2. Nf3 Nc6 3. Bb5 a6 4. Ba4 Nf6 5. O-O Be7 6. d4 exd4 7. e5 Nd5 
8. Nxd4 Nb6 9. Nf5 O-O 10. Bb3 d6 11. Nxe7+ Nxe7 12. exd6 cxd6 13. Nc3 Be6
14. Bxe6 fxe6 15. Bg5 Qd7 16. Ne4 Nec8 17. Qg4 Nd5 18. Rad1 Nde7 19. Nf6+ 
gxf6 20. Bh6+ Ng6 21. Bxf8 Kxf8 22. Rfe1 Ke7 23. Qh3 Nf8 24. Re3 e5 25. 
Qh5 Qe6 26. Rg3 Qf7 27. Qf5 Na7 28. Rb3 b5 29. Rc3 Ne6 30. Qe4 Rb8 31. Qd5
Nc8 32. Rc6 Qe8 33. Rxd6 Nxd6 34. Qxd6+ Kf7 35. Qxa6 Qc8 36. Qxc8 Rxc8 37.
 c3 Rd8 38. Rxd8 Nxd8 39. Kf1 Ke6 40. Ke2 e4 41. Ke3 Ke5 42. b3 Ne6 43. a4
bxa4 44. bxa4 Nf4 45. g3 Nd5+ 46. Kd2 f5 47. a5 Nc7 48. Ke3 Na6 49. c4 h5 
50. f3 Nc5 51. h3 Na6 52. fxe4 fxe4 53. g4 hxg4 54. hxg4 Nc5 55. g5 Kf5 
56. g6 Kxg6 57. a6 Nxa6 1/2-1/2

[Event "Premier Quad, S50099"]
[Site "CCLA"]
[Date "2015.03.09"]
[Round "?"]
[White "Hansen, Michael"]
[Black "Fausey, Verna M."]
[Result "1-0"]
[WhiteElo "1754"]
[BlackElo "1718"]

1. e4 e5 2. Nf3 Nc6 3. Bb5 a6 4. Ba4 Nf6 5. O-O Be7 6. Bxc6 bxc6 7. Nxe5 
Nxe4 8. Re1 Nf6 9. d4 O-O 10. Nc3 Rb8 11. b3 Nd5 12. Bb2 Bb4 13. Qd2 Re8 
14. a3 Bxc3 15. Bxc3 Nxc3 16. Qxc3 Re7 17. Nd3 Rxe1+ 18. Rxe1 Rb6 19. Qa5 
d6 20. Qg5 f6 21. Qh5 Bd7 22. a4 Qf8 23. a5 Rb5 24. Qe2 Rxa5 25. c4 Qf7 
26. Qd2 Rg5 27. f3 a5 28. Nf4 h5 29. h4 Rf5 30. g4 hxg4 31. fxg4 Rxf4 32. 
Qxf4 Be6 33. Kf2 d5 34. c5 Qd7 35. Kg3 Bxg4 36. Qxg4 Qxg4+ 37. Kxg4 Kf7 
38. h5 g6 39. h6 1-0

[Event "2015 NA Class C Ch - Rd 1 Sect 2, S50101"]
[Site "CCLA"]
[Date "2015.04.27"]
[Round "?"]
[White "Godinez, Doug"]
[Black "Hodgkins, Neil C."]
[Result "0-1"]
[WhiteElo "1392"]
[BlackElo "1442"]

1. e4 e5 2. Nf3 Nc6 3. Bb5 a6 4. Ba4 Nf6 5. Qe2 Be7 6. O-O O-O 7. c3 b5 8.
 Bb3 d5 9. d3 dxe4 10. dxe4 Bb7 11. Rd1 Bd6 12. Nbd2 Re8 13. Nf1 Na5 14. 
Bc2 h6 15. Ng3 Bc8 16. Be3 Nc4 17. Bb3 Nxe3 18. Qxe3 Bg4 19. h3 Bxf3 20. 
Qxf3 Qe7 21. Nf5 Qd7 22. Qg3 Nh5 23. Nxh6+ Kh7 24. Qg5 gxh6 25. Qxh5 Rf8 
26. Rd3 f5 27. f3 Bc5+ 28. Kf1 Qxd3+ 29. Ke1 Qe3+ 0-1

[Event "Winter Series, S50021"]
[Site "CCLA"]
[Date "2015.01.28"]
[Round "?"]
[White "Anderson, Clarence"]
[Black "Havrilla, Mark"]
[Result "0-1"]
[WhiteElo "1717"]
[BlackElo "1857"]

1. e4 e5 2. Nf3 Nc6 3. Bb5 a6 4. Ba4 Nf6 5. Qe2 b5 6. Bb3 Be7 7. O-O O-O 
8. c3 d5 9. d3 Bb7 10. Bg5 dxe4 11. dxe4 Nxe4 12. Qxe4 Bxg5 13. Bd5 Be7 
14. c4 Qd6 15. cxb5 axb5 16. Nc3 b4 17. Nb5 Qg6 18. Qxg6 hxg6 19. Rfc1 Ra6
20. Bxc6 Rxc6 21. Nxe5 Re6 22. f4 c5 23. Nc7 Rd6 24. Rxc5 Bxg2 25. Rc2 Bh3
26. Kf2 Rc8 27. Rac1 Bf5 28. Rc6 Rd2+ 29. Kg3 Rcd8 30. Na6 Rxb2 31. Rc7 
Bd6 32. Nc4 Rxa2 33. Nxd6 Ra3+ 34. Kf2 Rxd6 35. Nxb4 Rd2+ 36. Kg1 Rh3 37. 
Nc6 Be4 38. Rc8+ Kh7 39. Ne5 Rg2+ 40. Kf1 Rhxh2 0-1

[Event "2015 NA Server Ch (CCLA Rules), S50169"]
[Site "CCLA"]
[Date "2015.04.27"]
[Round "?"]
[White "Quirk, Michael"]
[Black "Young III, William C."]
[Result "1-0"]
[WhiteElo "2130"]
[BlackElo "2075"]

1. e4 e5 2. Nf3 Nc6 3. Bb5 a6 4. Ba4 Nf6 5. O-O Be7 6. Re1 g5 7. d4 Nxd4 
8. Nxd4 exd4 9. e5 Nd5 10. Bb3 Nb6 11. Qh5 O-O 12. c4 1-0

[Event "2015 REGULAR QUAD, S50419"]
[Site "CCLA"]
[Date "2015.10.24"]
[Round "?"]
[White "Bennett, Thomas"]
[Black "Bearce, Harold L."]
[Result "1-0"]
[WhiteElo "1507"]
[BlackElo "1111"]

1. e4 e5 2. Nf3 Nc6 3. Bb5 a6 4. Ba4 Nf6 5. O-O Be7 6. Re1 d5 7. Nxe5 Bd7 
8. Bxc6 Bxc6 9. Nxc6 bxc6 10. exd5 Nxd5 11. d4 O-O 12. c4 Nf6 13. Bg5 Re8 
14. Nc3 Qd7 15. Qf3 Rab8 16. Re2 Rb7 17. Rae1 Rbb8 18. h3 Qxd4 19. Qxc6 
Qd8 20. Bxf6 gxf6 21. Nd5 Bd6 22. Rxe8+ 1-0

[Event "2015 NA Class C Ch Finals, S50409"]
[Site "CCLA"]
[Date "2015.10.13"]
[Round "?"]
[White "Smiley, William R."]
[Black "Haase, F. Philip"]
[Result "0-1"]
[WhiteElo "1587"]
[BlackElo "1773"]

1. e4 e5 2. Nf3 Nc6 3. Bb5 a6 4. Ba4 b5 5. Bb3 Nf6 6. O-O d6 7. Re1 Be7 8.
 h3 Na5 9. c3 Nxb3 10. Qxb3 O-O 11. d4 Bb7 12. Nbd2 exd4 13. cxd4 c5 14. 
d5 Nd7 15. Nh2 c4 16. Qg3 f5 17. Ndf3 fxe4 18. Rxe4 Nc5 19. Rxe7 Qxe7 20. 
Bg5 Qc7 21. Ne1 Ne4 0-1

[Event "Summer Series, S50341"]
[Site "CCLA"]
[Date "2015.07.25"]
[Round "?"]
[White "Brown, David P."]
[Black "Leber, David"]
[Result "1-0"]
[WhiteElo "1362"]
[BlackElo "1311"]

1. e4 e5 2. Nf3 Nc6 3. Bb5 a6 4. Ba4 Nf6 5. O-O Be7 6. Re1 b5 7. Bb3 O-O 
8. c3 Bc5 9. d4 exd4 10. cxd4 Bb6 11. e5 Ne8 12. Bg5 Ne7 13. Nh4 Bb7 14. 
Nf5 d6 15. Nxe7+ Qxe7 16. Bxe7 dxe5 17. dxe5 Bc6 18. Nc3 Nd6 19. Bxf8 Kxf8
20. exd6 Rd8 21. Nd5 Rxd6 22. Nxb6 Rxd1 23. Raxd1 g6 24. Rd8+ Kg7 25. Nd5 
Bb7 26. Nxc7 Bc6 27. Re7 Kh6 28. Rxf7 Be4 29. f3 Bb7 30. Rdd7 Bc6 31. 
Rxh7+ Kg5 32. Rdf7 Bb7 33. h4# 1-0

[Event "Winter Series, S50031"]
[Site "CCLA"]
[Date "2015.01.28"]
[Round "?"]
[White "Blankenship, Jerry T."]
[Black "Greco, Tom"]
[Result "0-1"]
[WhiteElo "1564"]
[BlackElo "1641"]

1. e4 e5 2. Nf3 Nc6 3. Bb5 a6 4. Ba4 Nf6 5. O-O Be7 6. Re1 b5 7. Bb3 O-O 
8. c3 d5 9. exd5 Nxd5 10. a4 Bb7 11. axb5 axb5 12. Rxa8 Bxa8 13. Qe2 Nf4 
14. Qxb5 Bd6 15. d4 Na7 16. Qc4 Bxf3 17. Bxf4 exf4 18. gxf3 Nc8 19. Na3 
Ne7 20. Nb5 Nf5 21. Kh1 Qd7 22. Ba4 Nh4 23. Qd3 Qh3 24. Qf1 Qxf3+ 25. Kg1 
Qg4+ 26. Kh1 f3 27. Nxd6 cxd6 28. Bc2 g5 29. Qg1 Qg2+ 30. Qxg2 fxg2+ 0-1

[Event "2015 Server Team Ch - Div 1, S51999"]
[Site "CCLA"]
[Date "2015.10.30"]
[Round "?"]
[White "Sherwood, Helen"]
[Black "Rivas Maceda, Juan"]
[Result "0-1"]
[WhiteElo "2303"]
[BlackElo "2376"]
[Board "2"]
[WhiteTeam "BCCA Rooks"]
[BlackTeam "SchemingMind A"]

1. e4 e5 2. Nf3 Nc6 3. Bb5 a6 4. Ba4 Nf6 5. O-O Be7 6. Re1 b5 7. Bb3 O-O 
8. c3 d5 9. exd5 Nxd5 10. Nxe5 Nxe5 11. Rxe5 c6 12. d4 Bd6 13. Re1 Qh4 14.
 g3 Qh3 15. Be3 Be6 16. Qd3 a5 17. Qf1 Qf5 18. Bd1 b4 19. Bd2 c5 20. c4 
Nb6 21. d5 Bd7 22. a3 Qf6 23. axb4 cxb4 24. Nc3 bxc3 25. Bxc3 Qf5 26. Rxa5
Na4 27. Rxa8 Rxa8 28. Bd4 Bb4 29. Re3 Nc5 30. Be2 h6 31. Qd1 Ne4 32. f3 
Nc5 33. Qc1 Qg6 34. Kg2 h5 35. Qf1 h4 36. g4 h3+ 37. Kxh3 Qh6+ 38. Kg3 f5 
39. f4 fxg4 40. Bxg4 Bxg4 41. Kxg4 Qg6+ 42. Kf3 Rf8 43. Qe2 Qg5 44. Be5 
Nd7 45. Bc7 Bc5 46. Re6 Rf7 47. Re8+ Nf8 48. Qe6 Qh5+ 49. Kg3 Kh7 50. Rxf8
Bxf8 51. Qe4+ Kg8 52. Be5 Be7 53. h3 Qh4+ 54. Kf3 Qxh3+ 55. Ke2 Bb4 56. 
Kd1 Qh2 57. Qe2 Qh7 58. Kc1 Qg6 59. Qe3 Qg2 60. Qd4 Rf8 0-1

[Event "2015 Server Team Ch - Div 1, S51999"]
[Site "CCLA"]
[Date "2015.10.30"]
[Round "?"]
[White "Sherwood, Russell"]
[Black "Reinhart, Kenneth M."]
[Result "0-1"]
[WhiteElo "2310"]
[BlackElo "2466"]
[Board "1"]
[WhiteTeam "BCCA Rooks"]
[BlackTeam "Gustafson Winners"]

1. e4 e5 2. Nf3 Nc6 3. Bb5 a6 4. Ba4 Nf6 5. O-O Be7 6. Re1 b5 7. Bb3 O-O 
8. c3 d5 9. exd5 Nxd5 10. Nxe5 Nxe5 11. Rxe5 c6 12. d4 Bd6 13. Re1 Qh4 14.
 g3 Qh3 15. Be3 Bg4 16. Qd3 Rae8 17. Nd2 Qh5 18. a4 Re6 19. axb5 axb5 20. 
Nf1 Bf5 21. Qd2 Bh3 22. Bd1 Qg6 23. Bf3 Qf5 24. Qd1 h5 25. Ra6 Bc7 26. Bh1
Rfe8 27. Qf3 Qg6 28. Rxc6 Rxc6 29. Qxd5 Rb6 30. Bg2 Bxg2 31. Kxg2 Rbe6 32.
 Qxb5 h4 33. d5 Qe4+ 34. f3 Qf5 35. g4 h3+ 36. Kf2 Qe5 37. Re2 Rd8 38. Rd2
Red6 39. c4 f5 40. Qb3 fxg4 41. f4 Rf6 42. Kg1 Qh5 43. Rf2 Rdf8 44. Bc5 
Re8 45. Be3 Qf7 46. Qb7 g5 47. d6 Rxd6 48. fxg5 Qxc4 49. Bf4 Rd7 50. Bxc7 
Rxc7 51. Qb6 Qc6 52. Qb3+ Qe6 53. Qxe6+ Rxe6 54. Rd2 Kg7 55. Ng3 Kg6 56. 
Ne2 Kxg5 57. b3 Kh4 58. b4 Ra7 59. Ng3 Ra1+ 0-1

[Event "2015 NA Class C Ch Finals, S50409"]
[Site "CCLA"]
[Date "2015.10.13"]
[Round "?"]
[White "Perry, William E."]
[Black "Smiley, William R."]
[Result "0-1"]
[WhiteElo "1442"]
[BlackElo "1587"]

1. e4 e5 2. Nf3 Nc6 3. Bb5 a6 4. Ba4 b5 5. Bb3 Nf6 6. d3 h6 7. O-O Be7 8. 
c3 d6 9. Re1 O-O 10. Nbd2 Bb7 11. Nf1 Re8 12. Ng3 Bf8 13. d4 exd4 14. cxd4
Ne7 15. e5 dxe5 16. dxe5 Qxd1 17. Rxd1 Bxf3 18. gxf3 Nh7 19. e6 fxe6 20. 
Bxe6+ Kh8 21. Rd7 c5 22. Be3 Nf6 23. Rd2 Nc6 24. Bf5 Ne5 25. Be4 Nxe4 26. 
fxe4 Nf3+ 27. Kg2 Nxd2 28. Bxd2 Bd6 0-1

[Event "2015 Server Team Champ - Div 4, S54999"]
[Site "CCLA"]
[Date "2015.10.28"]
[Round "?"]
[White "Zarges, Ron V."]
[Black "Strelecky, Rich"]
[Result "1/2-1/2"]
[WhiteElo "1663"]
[BlackElo "1670"]
[Board "2"]
[WhiteTeam "Norsemen"]
[BlackTeam "Pawntastics"]

1. e4 e5 2. Nf3 Nc6 3. Bb5 a6 4. Ba4 Nf6 5. O-O Be7 6. Re1 b5 7. Bb3 d6 8.
 c3 O-O 9. h3 Na5 10. Bc2 c5 11. d4 c4 12. b4 Nc6 13. d5 Nb8 14. a4 Bd7 
15. axb5 Bxb5 16. Ba4 Bxa4 17. Rxa4 h6 18. Qc2 Nfd7 19. Be3 Nb6 20. Ra5 
N8d7 21. Nfd2 Bg5 22. Bxg5 Qxg5 23. Nf3 Qe7 24. Nbd2 Rfc8 25. Rea1 Nb8 26.
 Nb1 Rc7 27. Na3 Qe8 28. Nd2 Qc8 29. b5 Rc5 30. Rb1 Qc7 31. Ra1 axb5 32. 
Rxa8 Nxa8 33. Nxb5 Rxb5 34. Rxa8 Kh7 35. Ra4 Rc5 36. Qa2 f5 37. f3 Nd7 38.
 Kh2 Nb6 39. Ra7 Qd8 40. Rb7 fxe4 41. fxe4 Rc8 42. Qa5 Rb8 43. Rxb8 Qxb8 
44. Qb4 Qc7 45. Qa5 Qb8 46. Qb4 1/2-1/2

[Event "Premier Quad, S50119"]
[Site "CCLA"]
[Date "2015.03.23"]
[Round "?"]
[White "Hansen, Michael"]
[Black "Laven, George"]
[Result "1-0"]
[WhiteElo "1754"]
[BlackElo "1772"]

1. e4 e5 2. Nf3 Nc6 3. Bb5 a6 4. Ba4 Nf6 5. O-O Be7 6. Re1 b5 7. Bb3 O-O 
8. c3 d6 9. h3 Na5 10. Bc2 c5 11. d4 Qc7 12. d5 Bd7 13. b3 Nb7 14. c4 b4 
15. Nbd2 g6 16. Nf1 a5 17. a4 Nh5 18. Bh6 Ng7 19. Ng3 f6 20. Qd2 Nd8 21. 
h4 Nf7 22. Be3 f5 23. exf5 gxf5 24. h5 Qc8 25. h6 Ne8 26. Re2 Bd8 27. Rae1
Nf6 28. Ng5 Nxg5 29. Bxg5 Ng4 30. f3 Nf6 31. Bf4 Ne8 32. Nh5 Kh8 33. Bd3 
Nf6 34. Rxe5 Nxh5 35. Re7 Bxe7 36. Rxe7 Rf6 37. Bg5 Rg6 38. g4 Qd8 39. 
Rxh7+ Kxh7 40. Bxd8 Rxd8 41. Qh2 Nf6 42. Qxd6 Re8 43. Qf4 Rxh6 44. Bxf5+ 
Bxf5 45. Qxf5+ Rg6 46. d6 Rf8 47. Kg2 Kh6 48. d7 Rd8 49. Qxc5 Rxd7 50. 
Qxa5 Rd2+ 51. Kf1 Rd3 52. Qf5 Rxb3 53. g5+ Kg7 54. Qe5 Kf7 55. f4 Nh5 56. 
Qf5+ Kg7 57. Qd7+ Kh8 58. Qf7 Ng3+ 59. Kg2 Rg7 60. Qf6 Kh7 61. Qh6+ Kg8 
62. Qe6+ Kh7 63. a5 Rc3 64. a6 1-0

[Event "Winter Series, S50021"]
[Site "CCLA"]
[Date "2015.01.28"]
[Round "?"]
[White "Fausey, Verna M."]
[Black "Evans, Stanley W."]
[Result "1/2-1/2"]
[WhiteElo "1718"]
[BlackElo "1855"]

1. e4 e5 2. Nf3 Nc6 3. Bb5 a6 4. Ba4 Nf6 5. O-O Be7 6. Re1 b5 7. Bb3 d6 8.
 c3 O-O 9. h3 Na5 10. Bc2 c5 11. d4 Qc7 12. Nbd2 Nc6 13. dxc5 dxc5 14. Nf1
Be6 15. Ne3 Rad8 16. Qe2 c4 17. Nf5 Bxf5 18. exf5 Rfe8 19. Ng5 Nd4 20. 
cxd4 exd4 21. Ne4 Kf8 22. Qf3 d3 23. Bf4 Qc8 24. Nxf6 Bxf6 25. Rxe8+ Rxe8 
26. Bxd3 cxd3 27. Qxd3 Bxb2 28. Rb1 Bf6 29. Rc1 Qd8 30. Qa3+ Kg8 31. Qxa6 
b4 32. Qa4 Re4 33. Bd6 Bc3 34. Rd1 Qe8 35. Qxe8+ Rxe8 36. Rb1 Re1+ 37. 
Rxe1 Bxe1 38. Kf1 Bc3 39. Ke2 g6 40. Kd3 gxf5 41. Kc4 Be1 42. f3 b3 43. 
Kxb3 f6 44. a4 Kf7 45. Kc4 1/2-1/2

[Event "2015 NA Class A Ch Finals, S50179"]
[Site "CCLA"]
[Date "2015.04.27"]
[Round "?"]
[White "Shannon, Paul D."]
[Black "Stroup, Jim"]
[Result "0-1"]
[WhiteElo "1815"]
[BlackElo "2058"]

1. e4 e5 2. Nf3 Nc6 3. Bb5 a6 4. Ba4 Nf6 5. O-O Be7 6. Re1 b5 7. Bb3 d6 8.
 c3 O-O 9. h3 Na5 10. Bc2 c5 11. d4 cxd4 12. cxd4 Bb7 13. d5 Qc7 14. Nbd2 
Rac8 15. Bd3 Nd7 16. Nf1 Nc5 17. Bb1 f5 18. exf5 Nc4 19. Ne3 Nb6 20. a3 
Kh8 21. Ba2 Bf6 22. Ng4 Qf7 23. Bg5 Bxg5 24. Nxg5 Qxf5 25. Ne6 Rfe8 26. 
Re3 Qg6 27. Rg3 Ne4 28. Nxe5 Qf5 29. Rxg7 Qxf2+ 30. Kh1 Rxe6 31. Rxb7 Rxe5
32. Rc1 Ng3+ 33. Kh2 Re2 0-1

[Event "Summer Series, S50331"]
[Site "CCLA"]
[Date "2015.07.25"]
[Round "?"]
[White "McLaughlin, Ed"]
[Black "Simonson, Jay"]
[Result "1-0"]
[WhiteElo "1507"]
[BlackElo "1404"]

1. d4 d5 2. b3 Nc6 3. Bb2 Bf5 4. a3 Nf6 5. e3 e6 6. Nf3 Ne4 7. Bb5 Qd7 8. 
Ne5 Qd6 9. c4 f6 10. c5 Qe7 11. Nxc6 Qd7 12. Nxa7 c6 13. Nxc6 bxc6 14. Be2
Be7 15. Nd2 O-O 16. O-O e5 17. b4 Nxd2 18. Qxd2 Bg6 19. a4 Qf5 20. b5 Qg5 
21. b6 Qf5 22. a5 Be8 23. a6 Bd7 24. h3 Qg5 25. Kh1 Bf5 26. Bc3 Be6 27. 
Ba5 Qh4 28. Kh2 exd4 29. Qxd4 Qxd4 30. exd4 f5 31. b7 Rab8 32. Bc7 Bd8 33.
 Bxb8 Bf6 34. Be5 Bxe5+ 35. dxe5 f4 36. a7 d4 37. a8=Q Rxa8 38. bxa8=Q+ 
Kf7 39. Ra7+ Kg6 40. Qe8+ Kf5 41. Bg4+ Ke4 42. Qxc6+ 1-0

[Event "2015 Server Team Champ - Div 4, S54999"]
[Site "CCLA"]
[Date "2015.10.28"]
[Round "?"]
[White "Nurmi, Ronald"]
[Black "Smiley, William R."]
[Result "1/2-1/2"]
[WhiteElo "1469"]
[BlackElo "1613"]
[Board "4"]
[WhiteTeam "Pawntastics"]
[BlackTeam "Norsemen"]

1. d4 d5 2. Bf4 e6 3. e3 Nf6 4. Nd2 Nbd7 5. Bd3 c5 6. c3 c4 7. Bc2 Nb6 8. 
h3 Be7 9. Ngf3 O-O 10. O-O Nbd7 11. Ne5 Nxe5 12. dxe5 Nd7 13. e4 Nb6 14. 
g4 Nd7 15. Qf3 Nb6 16. Qg3 d4 17. g5 d3 18. Bd1 Bd7 19. h4 Be8 20. h5 g6 
21. hxg6 fxg6 22. Kg2 Kg7 23. Rh1 Rh8 24. b4 Rc8 25. Be3 Nd7 26. f4 Nf8 
27. Rh6 a5 28. a3 b5 29. Bg4 Bf7 30. Rhh1 a4 31. Rh2 h6 32. gxh6+ Kh7 33. 
f5 Bg5 34. fxg6+ Bxg6 35. Bxg5 Qxg5 36. Kg1 Qe7 37. Qf4 Qf7 38. Rf1 Rc7 
39. Qg5 Qg8 40. Rg2 Rf7 41. Rxf7+ Qxf7 42. Qf6 Qxf6 43. exf6 Kg8 44. Bxe6+
Nxe6 45. Rxg6+ Kf7 1/2-1/2

[Event "2015 REGULAR QUAD, S50059"]
[Site "CCLA"]
[Date "2015.02.23"]
[Round "?"]
[White "Warren, Frank L."]
[Black "Lines, Daniel"]
[Result "1-0"]
[WhiteElo "1375"]
[BlackElo "1415"]

1. d4 d5 2. Bf4 Nc6 3. Nc3 Bf5 4. Qd2 Nf6 5. Nb5 e5 6. dxe5 Nd7 7. e6 fxe6
8. Nxc7+ Ke7 9. Bg5+ Kd6 10. Bxd8 Rxd8 11. Nb5+ 1-0

[Event "2015 Regular Quad, S50039"]
[Site "CCLA"]
[Date "2015.02.02"]
[Round "?"]
[White "Metz, Edward"]
[Black "Tarrant, Johnny L."]
[Result "1-0"]
[WhiteElo "1397"]
[BlackElo "1154"]

1. d4 d5 2. Bf4 e6 3. Nf3 Nc6 4. c3 Nf6 5. h3 Ne4 6. Nbd2 f5 7. e3 Bd6 8. 
Ne5 Nxe5 9. dxe5 Bc5 10. Be2 O-O 11. Nxe4 fxe4 12. b4 Bb6 13. a4 a5 14. 
O-O c5 15. b5 g5 16. Bh2 c4 17. Bh5 Rf5 18. f3 Bxe3+ 19. Kh1 Bf4 20. Qd4 
e3 21. Bxf4 Rxf4 22. Qxe3 d4 23. cxd4 Qc7 24. g3 c3 25. gxf4 b6 26. fxg5 
1-0

[Event "Summer Series, S50331"]
[Site "CCLA"]
[Date "2015.07.25"]
[Round "?"]
[White "Nurmi, Ronald"]
[Black "Simonson, Jay"]
[Result "1-0"]
[WhiteElo "1469"]
[BlackElo "1404"]

1. d4 d5 2. Bf4 Nf6 3. e3 c5 4. c3 Nc6 5. Nd2 g6 6. Ngf3 cxd4 7. cxd4 Bf5 
8. a3 Bg7 9. Be2 O-O 10. O-O Ne4 11. Rc1 Bg4 12. h3 Bxf3 13. Nxf3 Rc8 14. 
b4 a5 15. b5 Na7 16. a4 Rc3 17. Nd2 Rxc1 18. Qxc1 Qc8 19. Nxe4 dxe4 20. 
Bc4 Qd7 21. Qc2 Rc8 22. Qb3 b6 23. Bxf7+ Kh8 24. Be6 Qb7 25. Bd5 Qd7 26. 
Bxe4 Re8 27. Rc1 e5 28. dxe5 Bxe5 29. Bxe5+ Rxe5 30. Qc3 Qd6 31. f4 Qe6 
32. Qxe5+ Qxe5 33. fxe5 1-0

[Event "2015 REGULAR QUAD, S50059"]
[Site "CCLA"]
[Date "2015.02.23"]
[Round "?"]
[White "Warren, Frank L."]
[Black "Shaffer, Aaron"]
[Result "1-0"]
[WhiteElo "1375"]
[BlackElo "1151"]

1. d4 d5 2. Bf4 e6 3. e3 Nf6 4. Qd3 Bd6 5. Bg5 h6 6. Bh4 Nbd7 7. Nd2 O-O 
8. Bxf6 Qxf6 9. f4 b6 10. g3 Bb7 11. O-O-O a5 12. Qe2 Ba6 13. Qg2 Bxf1 14.
 Qxf1 Qe7 15. Ngf3 Nf6 16. h4 c5 17. Qb5 Bc7 18. Ne5 cxd4 19. exd4 Qb4 20.
 Qd3 Bxe5 21. fxe5 Nd7 22. c3 Qe7 23. g4 a4 24. a3 f6 25. exf6 Qxf6 26. g5
hxg5 27. hxg5 Qxg5 28. Qh7+ Kf7 29. Rhg1 Qh6 30. Qd3 Kg8 31. Rh1 Qf6 32. 
Qh7+ Kf7 33. Rhf1 Ke7 34. Rxf6 1-0

[Event "2015 REGULAR QUAD, S50059"]
[Site "CCLA"]
[Date "2015.02.23"]
[Round "?"]
[White "Warren, Frank L."]
[Black "Lyons, Anthony W."]
[Result "1-0"]
[WhiteElo "1375"]
[BlackElo "1235"]

1. d4 d5 2. Bf4 Bf5 3. Nc3 e6 4. Nb5 a6 5. Nxc7+ Kd7 6. Nxa8 Nc6 7. g4 
Qxa8 8. gxf5 Nf6 9. fxe6+ fxe6 10. a3 Bd6 11. Nh3 h6 12. e3 Bxf4 13. Nxf4 
e5 14. Ng6 exd4 15. Bh3+ 1-0

[Event "2015 Server Team Champ - Div 4, S54999"]
[Site "CCLA"]
[Date "2015.10.28"]
[Round "?"]
[White "Nurmi, Ronald"]
[Black "Lyons, Anthony W."]
[Result "1-0"]
[WhiteElo "1469"]
[BlackElo "1235"]
[Board "4"]
[WhiteTeam "Pawntastics"]
[BlackTeam "Pennsylvania Pawn Pushers"]

1. d4 d5 2. Bf4 Bf5 3. c4 Nf6 4. e3 e6 5. Qb3 b6 6. Nc3 a5 7. cxd5 exd5 8.
 Bb5+ Bd7 9. Nf3 c6 10. Bd3 Bb4 11. O-O O-O 12. h3 Bxc3 13. Qxc3 Re8 14. 
Qc2 Na6 15. Ng5 g6 16. Be2 Ne4 17. h4 Nb4 18. Qd1 Nxg5 19. Bxg5 f6 20. Bf4
Bf5 21. a3 Na6 22. g4 Be6 23. g5 f5 24. h5 Qd7 25. hxg6 hxg6 26. Kg2 Qh7 
27. Rh1 Qg7 28. Be5 Qd7 29. Rh8+ Kf7 30. Rh7+ 1-0

[Event "2015 Server Team Champ - Div 4, S54999"]
[Site "CCLA"]
[Date "2015.10.28"]
[Round "?"]
[White "Nurmi, Ronald"]
[Black "Martindale, Roger"]
[Result "1-0"]
[WhiteElo "1469"]
[BlackElo "1174"]
[Board "4"]
[WhiteTeam "Pawntastics"]
[BlackTeam "Pennsylvania Duck Patrol"]

1. d4 d5 2. Bf4 Nf6 3. e3 a6 4. Bd3 Nc6 5. c3 h6 6. Nd2 e6 7. Ngf3 Bd6 8. 
Bg3 Bxg3 9. hxg3 O-O 10. Qe2 Re8 11. Ne5 Nxe5 12. dxe5 Ne4 13. Nxe4 dxe4 
14. Bxe4 Bd7 15. Rd1 c6 16. Qg4 Qc7 17. f4 Qa5 18. Rxh6 f5 19. exf6 Rf8 
20. Qxg7# 1-0

[Event "2015 REGULAR QUAD, S50199"]
[Site "CCLA"]
[Date "2015.05.01"]
[Round "?"]
[White "Metz, Edward"]
[Black "Mann, Wallace"]
[Result "0-1"]
[WhiteElo "1397"]
[BlackElo "1532"]

1. d4 d5 2. Bf4 c5 3. e3 Nc6 4. Nf3 Bg4 5. h3 Bxf3 6. gxf3 Qb6 7. b3 cxd4 
8. exd4 Qxd4 9. Qxd4 Nxd4 10. Bd3 a6 11. Nd2 Nc6 12. O-O-O e5 13. Rde1 f6 
14. Bf5 Nge7 15. Bxe5 fxe5 16. Be6 Kd8 17. Rhg1 g6 18. Rd1 Kc7 19. Rde1 
Rd8 20. c3 Rd6 21. Bf7 Bg7 22. f4 Rf6 23. Bxd5 Nxd5 24. Ne4 Rxf4 25. Kc2 
Rf3 26. h4 Bh6 27. Re2 Nxc3 28. Nxc3 Nd4+ 29. Kd1 Rxc3 0-1

[Event "2015 REGULAR QUAD, S50199"]
[Site "CCLA"]
[Date "2015.05.01"]
[Round "?"]
[White "Metz, Edward"]
[Black "Cangelosi, Dominic"]
[Result "0-1"]
[WhiteElo "1397"]
[BlackElo "1419"]

1. d4 d5 2. Bf4 e6 3. Nf3 Bd6 4. Bxd6 Qxd6 5. e3 Qb4+ 6. Nfd2 Nf6 7. a3 
Qa5 8. b4 Qb6 9. Bd3 Bd7 10. c4 c6 11. c5 Qc7 12. Nf3 Bc8 13. Nc3 Nbd7 14.
 Qb1 e5 15. dxe5 Nxe5 16. Nxe5 Qxe5 17. O-O Qxc3 18. Rd1 Bg4 19. Qc1 Qxc1 
20. Rdxc1 O-O 21. h3 Be6 22. f3 Nd7 23. h4 f5 24. Kf2 Ne5 25. Be2 f4 26. 
exf4 Rxf4 27. g3 Rf6 28. Kg2 Raf8 29. Rc3 d4 30. Rb3 Bxb3 0-1

[Event "Winter Series, S50051"]
[Site "CCLA"]
[Date "2015.01.28"]
[Round "?"]
[White "Nurmi, Ronald"]
[Black "Cangelosi, Dominic"]
[Result "1/2-1/2"]
[WhiteElo "1458"]
[BlackElo "1441"]

1. d4 d5 2. Bf4 Nf6 3. e3 Nbd7 4. Nf3 e6 5. Nbd2 Be7 6. Bd3 c6 7. c3 O-O 
8. h3 c5 9. O-O c4 10. Bc2 b5 11. e4 Bb7 12. e5 Ne4 13. Nxe4 dxe4 14. Nd2 
f5 15. exf6 Nxf6 16. Qe2 Bd5 17. Rfe1 Qd7 18. Nxe4 Nxe4 19. Bxe4 Rxf4 20. 
Bxd5 Qxd5 21. Qxe6+ Qxe6 22. Rxe6 Rf7 23. Rae1 Bf6 24. R1e2 Raf8 25. f3 
Bd8 26. R2e5 Rb7 1/2-1/2

[Event "2015 NA Class C-Rd1 Sect 1, S50091"]
[Site "CCLA"]
[Date "2015.04.27"]
[Round "?"]
[White "Nurmi, Ronald"]
[Black "Smiley, William R."]
[Result "1/2-1/2"]
[WhiteElo "1458"]
[BlackElo "1587"]

1. d4 d5 2. Bf4 e6 3. e3 Nd7 4. Nf3 Ngf6 5. Bd3 c5 6. c3 b6 7. Nbd2 Be7 8.
 O-O O-O 9. Ne5 Nxe5 10. Bxe5 Nd7 11. e4 Nxe5 12. dxe5 d4 13. cxd4 Qxd4 
14. Nf3 Qd8 15. Rc1 Bb7 16. Bc2 Qc7 17. Qd3 Rad8 18. Qc3 Ba6 19. Rfe1 Rd7 
20. Rcd1 Rfd8 1/2-1/2